When it all falls apart (Record no. 65020)

MARC details
000 -LEADER
fixed length control field 01125cam a2200253 4500
001 - CONTROL NUMBER
control field ABS63004
008 - FIXED-LENGTH DATA ELEMENTS--GENERAL INFORMATION
fixed length control field 000000n2000 000 0 eng u
035 ## - SYSTEM CONTROL NUMBER
System control number (Sirsi) u108908
100 ## - MAIN ENTRY--PERSONAL NAME
Personal name Soomal, R.
245 ## - TITLE STATEMENT
Title When it all falls apart
260 ## - PUBLICATION, DISTRIBUTION, ETC.
Date of publication, distribution, etc. 2000
490 ## - SERIES STATEMENT
Series statement Property Week
Volume/sequential designation 65(35) 6 October 2000, 72-73(2)
520 ## - SUMMARY, ETC.
Summary, etc. In April 1999 the Civil Procedure Rules brought in two key measures to encourage the early settlement of disputes: the use of pre-action protocols and mediation or other forms of alternative dispute resolution. Suggests that many property professionals often overlook the existence of pre-action protocols. Describes the features and spirit of these protocols, which can help landlords and tenants settle their differences over dilapidations without lengthy and expensive litigation.
590 ## - LOCAL NOTE (RLIN)
Local note ABS
650 ## - SUBJECT ADDED ENTRY--TOPICAL TERM
Topical term or geographic name entry element CIVIL PROCEDURE RULES
650 ## - SUBJECT ADDED ENTRY--TOPICAL TERM
Topical term or geographic name entry element LITIGATION
650 ## - SUBJECT ADDED ENTRY--TOPICAL TERM
Topical term or geographic name entry element Dilapidations
9 (RLIN) 6235
650 ## - SUBJECT ADDED ENTRY--TOPICAL TERM
Topical term or geographic name entry element LANDLORD AND TENANT
9 (RLIN) 6252
650 ## - SUBJECT ADDED ENTRY--TOPICAL TERM
Topical term or geographic name entry element PRE-ACTION PROTOCOL
650 ## - SUBJECT ADDED ENTRY--TOPICAL TERM
Topical term or geographic name entry element MEDIATION
690 ## - LOCAL SUBJECT ADDED ENTRY--TOPICAL TERM (OCLC, RLIN)
Topical term or geographic name as entry element Dispute resolution
9 (RLIN) 6236
700 ## - ADDED ENTRY--PERSONAL NAME
Personal name Cohen, R.
942 ## - ADDED ENTRY ELEMENTS (KOHA)
Suppress in OPAC 0
Holdings
Withdrawn status Lost status Source of classification or shelving scheme Damaged status Not for loan Home library Current library Shelving location Date acquired Total Checkouts Full call number Barcode Date last seen Copy number Price effective from Koha item type
    Dewey Decimal Classification     London London Journal article 23/10/2000   ABS63004 108908-1001 06/08/2019 1 06/08/2019 Journal article